000 00486nam a2200133Ia 4500
008 220216s9999 xx 000 0 und d
100 _aGeorge K T
245 0 _aRubber wood production and utilisation in India
260 _bIn: Rubber wood Processing and Utilisation in India. (Ed.R. Gnanaharan et al.)Science and Technology Entrepreneurship Development Project, Kozhikode, 2002. pp.1-9
650 _aIndia
650 _aRubber wood production
700 _aJoseph Toms
942 _cJS
999 _c68145
_d68145